000 00372nam a2200109Ia 4500
008 171211s9999 xx 000 0 und d
245 _aExcel: From Beginner To Expert - The Complete Guide To Start Using Excel And Boosting Your Productivity
245 _cJonathan Wallace
260 _c2016
650 _xSOFTWARE
856 _uhttp://down.ebook777.com/064/9781539382270.pdf
999 _c349294
_d349294